| 000 | 00635nam a22001937a 4500 | ||
|---|---|---|---|
| 005 | 20180704111916.0 | ||
| 010 | _aENG-123369 | ||
| 020 |
_c200.00 _a9789352830428 |
||
| 035 | _aEN-106901 | ||
| 037 | _bDBAD/PUB | ||
| 082 | _a540 | ||
| 100 | _aMadan, R.L. | ||
| 245 | 0 | 0 |
_aChemistry for degree students: _cby R.L. Madan _btheory/laboratory work, molecules of life / |
| 260 |
_aNew Delhi _bS. Chand and Company _c2018 |
||
| 270 |
_a7361, Ram Nagar, _bNew Delhi _e110055 |
||
| 300 |
_a188p. _c24cm(pbk) _bill. |
||
| 500 | _aB.Sc. elective - As per UGC choice based credit system (CBCS) | ||
| 942 |
_2ddc _cEN _mMAD _h540 |
||
| 999 |
_c153336 _d153336 |
||